01173pab a2200145 454500008004000000100002100040245003500061260000900096300001300105362001200118520084600130650002600976650001401002773001101016180718b2004 xxu||||| |||| 00| 0 eng d aSahay, Vinita S. aDesigning customer value index c2004 ap.81-88. aJul-Dec aThe greatest challenge for industries these days is to incorporate customer voice into design of product and service offering so that maximum customer value can be delivered to the customers leading to their satisfaction and positive impact on bottom line. In this paper a model has been proposed to measure customer value. This model involves classification at hierarchical levels of value. Each hierarchical level includes value elements according to the nature of value generators. Levels and value generators are illustrated and value elements are identified. This classification scheme is utilised to compute total customer value and total customer cost to arrive at computed value of customer value index. The strength of the model lies in its flexibility to address complexities for a wide range of customer value index. - Reproduced. aCustomer satisfaction aConsumers aVision